000 00495pam a2200157a 44500
008 230405s1989 xxu||||| |||| 00| 0 eng d
041 _aENG
100 _aCHANG SHU- TING
245 _aMUSHROOMS CULTIVATION, NUTRITIONAL VALUE, MEDICINAL EFFECT, AND ENVIRONMENTAL IMPACT
250 _a2ND Ed.
260 _aBOCA TATAN
_bCRC PRESS TAYLOR & FRANCIS GROUP
_c1989
300 _a451p.
440 _aBHARATI GRAHAK BHANDAR, BILL NO. 4750, DT-27/04/2019
700 _aMILES PHILIP
906 _a2290
999 _c291168
_d291168